000 00800nam a2200253Ia 4500
003 OSt
005 20221007110654.0
006 a|||||r|||| 00| 0
007 ta
008 221006b |||||||| |||| 00| 0 eng d
024 _a21,595
037 _cTextual
040 _aLCO
_cLCO
_beng
041 _2eng
_aeng
082 _aX8(A):9584qN72, L5
100 _aSrivastava Kirpa Dayal
_9376422
245 0 _aCommentaries on the Payment of Gratuity Act, 1972 together with Central and States Rules
260 _aLucknow
_bEastern Book Company India
_c1975
300 _a494
650 _aGRATUITY
_9707750
700 _a Srivastava Ramesh Kumar
_9707751
942 _hX8(A):9584qN72, L5
_cTEXL
999 _c1191158
_d1191158